| 000 | 005470000a22001810004500 | ||
|---|---|---|---|
| 003 | MACL | ||
| 005 | 20160217130454.0 | ||
| 008 | 160217b xxu||||| |||| 00| 0 eng d | ||
| 040 |
_aMACL _cMACL |
||
| 041 | _aHindi | ||
| 082 | _a338 | ||
| 100 |
_aसिंह वेदप्रकाश _938039 |
||
| 245 | _aभारत के प्रमुख उधोग | ||
| 260 |
_bआत्माराम एण्ड संस _c1959 _aनई दिल्ली |
||
| 350 | _a8 | ||
| 650 |
_aProduction _938655 |
||
| 942 |
_cHIN _k338 _2ddc |
||
| 999 |
_c25207 _d25207 |
||